01003cam a2200301 i 4500001001000000003000700010005001700017008004100034020003800075040003400113041000800147042000900155044000700164084001900171100001400190245012800204246004400332246004400376246004300420250001100463260008400474300003300558490001600591650003100607650002200638650002500660830001600685005180419YEEZEN20241029103221.0240515s2023 ch a g 000 0 chi d a9786267388013q(平裝) :cNT$480 amcutlbchicmcutldmcutleccr0 achi anbic ach a923.332ncsclt1 a李清志10a在自己的城市旅行 :b都市偵探李清志台灣建築迷走 = Becoming a traveller in your own city /c李清志著1 a都市偵探李清志臺灣建築迷走30a都市偵探李清志台灣建築迷走31aBecoming a traveller in your own city. a初版 a臺北市 :b大塊文化出版 ;a新北市 :b大和書報總經銷,c2023.12 a311面 :b彩圖 ;c21公分1 atone ;v46. 7a建築美術設計2lcstt. 7a建築史2lcstt. 7a臺灣遊記2lcstt. 0atone ;v46.